| 000 | 00383nam a22001697a 4500 | ||
|---|---|---|---|
| 005 | 20260330151634.0 | ||
| 008 | 160613b xxu||||| |||| 00| 0 eng d | ||
| 020 | _a978-81-89107 | ||
| 041 | _aeng | ||
| 082 | _b7280 | ||
| 100 |
_aBennett. S _91807 |
||
| 245 | _aThe Elements of Resume Style | ||
| 260 | _bIndra Publication | ||
| 300 | _a114 | ||
| 650 | _aManagement | ||
| 942 | _cBK | ||
| 999 |
_c2542 _d2541 |
||